00242nam a22001097a 4500020001800000082001200018100001700030245002400047260002900071300000800100650002400108 a9788122419702 a615 KAR aKar,Ashutosh aMedicinal Chemistry aNew DelhibNew Agec2007 a933 amedicinal chemistry